000 00521nam a2200169Ia 4500
008 090711s9999 xx 000 0 und d
082 _b32150
100 _aराजाध्यक्ष विजया
245 _aअधांतर
260 _bमौज प्रकाशन
_c1965
300 _a238
600 _aराजाध्यक्ष विजया
630 _aअधांतर
700 _aराजाध्यक्ष विजया
730 _aअधांतर
942 _cBOOK
999 _c331125
_d331125